000 003470000a22001330004500
041 0 _aSPA
082 0 4 _aG 813 M912c
100 1 _aMosley, Jean Bell
245 1 0 _aLas cruces de Zarin : Una novela cristiana de primer siglo / Jean Bell Mosley
260 _a[S.L] : Casa Bautista de Publicaciones
300 _a156 Pag
001 10848
942 _cBK
999 _c40274
_d40274